[Event "Bullet Chess Winners 2023"]
[Site "chess.com INT"]
[Date "2023.07.20"]
[Round "4.23"]
[White "Nakamura,Hi"]
[Black "Firouzja,Alireza"]
[Result "0-1"]
[WhiteElo "2787"]
[BlackElo "2777"]

1.e4 c5 2.Nc3 Nc6 3.Nf3 e6 4.d4 cxd4 5.Nxd4 a6 6.Nb3 Nf6 7.g3 Be7 8.Bg2 O-O
9.O-O d6 10.Qe2 Bd7 11.Rd1 Rc8 12.Bf4 Qc7 13.h3 Ne5 14.Bg5 h6 15.Bc1 b5 16.a3 Nc4
17.Kh2 Rfe8 18.Nb1 Bc6 19.c3 d5 20.exd5 Bxd5 21.Bxd5 Nxd5 22.N1d2 Red8 23.Nxc4 bxc4
24.Nd4 Bf6 25.Qf3 Qb7 26.Ne2 Rd7 27.h4 Rcd8 28.Qe4 Qb3 29.Re1 Ne7 30.a4 Rd1
31.Rxd1 Rxd1 32.Ra3 Qb6 33.Kg2 Qc5 34.Be3 Qd5 35.Qxd5 Nxd5 36.Bd4 Rd2 37.Kf1 Rxb2
38.Bxf6 gxf6 39.a5 e5 40.g4 Rc2 41.h5 Kg7 42.Ng3 Rxc3 43.Nf5+ Kh7 44.Ra1 Nf4
45.Ke1 Rc2 46.Rb1 Nd3+ 47.Kd1 Rxf2 48.Rb7 Rb2 49.Rxf7+ Kh8 50.Rc7 Nf2+ 51.Kc1 Nd3+
52.Kd1 Nf2+ 53.Ke1 Nd3+ 54.Kf1 Rf2+ 55.Kg1 Rf4 56.Nxh6 e4 57.Kg2 e3 58.Nf7+ Kg8
59.Nh6+ Kf8 60.Rc8+ Ke7 61.Nf5+ Rxf5 62.gxf5 e2 63.Rc7+ Kd6  0-1

[Event "Bullet Chess Winners 2023"]
[Site "chess.com INT"]
[Date "2023.07.20"]
[Round "4.24"]
[White "Firouzja,Alireza"]
[Black "Nakamura,Hi"]
[Result "1/2-1/2"]
[WhiteElo "2777"]
[BlackElo "2787"]

1.d4 c6 2.e4 d5 3.Nc3 dxe4 4.Nxe4 Nf6 5.Nxf6+ gxf6 6.c3 Bf5 7.Bd3 Bg6 8.Ne2 e6
9.O-O Bd6 10.f4 Bxd3 11.Qxd3 f5 12.Be3 Nd7 13.c4 Nf6 14.Nc3 Qe7 15.Rad1 Rd8
16.Kh1 O-O 17.d5 cxd5 18.cxd5 Bc5 19.Bxc5 Qxc5 20.Qg3+ Kh8 21.Qh4 Ng8 22.dxe6 Rxd1
23.Rxd1 fxe6 24.Rd7 Nf6 25.Rd8 Qe7 26.Rxf8+ Qxf8 27.Qf2 Qd8 28.Qxa7 Qd2 29.Qb8+ Kg7
30.Qxb7+ Kg6 31.h3 Qc1+ 32.Kh2 Qxf4+ 33.Kh1 Qc1+ 34.Kh2 Qf4+ 35.Kh1 Qf1+
36.Kh2 Qf4+  1/2-1/2

[Event "Bullet Chess Winners 2023"]
[Site "chess.com INT"]
[Date "2023.07.20"]
[Round "4.25"]
[White "Nakamura,Hi"]
[Black "Firouzja,Alireza"]
[Result "1/2-1/2"]
[WhiteElo "2787"]
[BlackElo "2777"]

1.e4 c5 2.Nc3 e6 3.f4 a6 4.Nf3 b5 5.d4 cxd4 6.Nxd4 Bb7 7.Bd3 Nc6 8.Nb3 b4
9.Na4 d6 10.Be3 Nf6 11.Qe2 Nd7 12.O-O-O Be7 13.g4 O-O 14.h4 Qc7 15.g5 Na5
16.Qf2 Rab8 17.Nb6 Nxb3+ 18.axb3 Nc5 19.Bxc5 dxc5 20.Nc4 Rbd8 21.Rhf1 Rd4
22.f5 exf5 23.exf5 f6 24.g6 h6 25.Ne3 Bd6 26.Bc4+ Kh8 27.Rxd4 cxd4 28.Nd1 Be5
29.Kb1 a5 30.Qd2 Rb8 31.Nf2 a4 32.Ng4 axb3 33.Bxb3 Ba6 34.Nxh6 Bxf1 35.Nf7+ Kg8
36.Nxe5+ Kf8 37.Nf3 Bc4 38.Nxd4 Bxb3 39.cxb3 Kg8 40.Ne6 Qc6 41.Qd4 Qh1+ 42.Kc2 Rc8+
43.Kd2 Qg2+ 44.Ke3 Qg3+ 45.Ke4 Qg4+ 46.Ke3 Qxf5 47.Qd7 Qe5+ 48.Kf3 Qf5+ 49.Ke3 Qe5+
50.Kd3 Qf5+ 51.Kd4 Qe5+ 52.Kd3 Qf5+ 53.Ke3  1/2-1/2

[Event "Bullet Chess Winners 2023"]
[Site "chess.com INT"]
[Date "2023.07.20"]
[Round "4.26"]
[White "Firouzja,Alireza"]
[Black "Nakamura,Hi"]
[Result "0-1"]
[WhiteElo "2777"]
[BlackElo "2787"]

1.d4 d6 2.e4 g6 3.c4 Bg7 4.Nc3 Nc6 5.Nge2 e5 6.Be3 Nf6 7.d5 Ne7 8.f3 c5 9.Qd2 a6
10.Ng3 h5 11.Be2 Bd7 12.O-O h4 13.Nh1 Nh5 14.Nf2 f5 15.Bg5 Nf4 16.Bxf4 exf4
17.Qxf4 Be5 18.Qd2 f4 19.Nd3 Bd4+ 20.Kh1 g5 21.Bd1 h3 22.g3 Ng6 23.g4 Qf6
24.Ne2 Be3 25.Qc3 Qxc3 26.Nxc3 b5 27.Bb3 Ke7 28.Ne2 Rhb8 29.Rae1 a5 30.e5 Nxe5
31.Nxe5 dxe5 32.Nc3 bxc4 33.Bxc4 Rxb2 34.Ne4 Rab8 35.d6+ Kf8 36.Nxg5 Rc2
37.Bd3 Rd2 38.Rb1 Rxb1 39.Bxb1 c4 40.Bf5 Bxf5 41.gxf5 Rxd6 42.Ne4 Rc6 43.Nc3 Bd2
44.Ne4 c3 45.a4 c2  0-1

[Event "Bullet Chess Winners 2023"]
[Site "chess.com INT"]
[Date "2023.07.20"]
[Round "4.27"]
[White "Nakamura,Hi"]
[Black "Firouzja,Alireza"]
[Result "1-0"]
[WhiteElo "2787"]
[BlackElo "2777"]

1.e4 c5 2.Nc3 e6 3.f4 a6 4.Nf3 b5 5.d4 cxd4 6.Nxd4 Bb7 7.Bd3 Nc6 8.Nb3 d6
9.Be3 Nf6 10.Qf3 Be7 11.O-O O-O 12.Rae1 Qc7 13.Qh3 Nb4 14.a3 Nxd3 15.cxd3 Rac8
16.f5 e5 17.g4 d5 18.g5 d4 19.gxf6 Bxf6 20.Nd1 dxe3 21.Nxe3 Qd6 22.Ng4 Bg5
23.Rd1 f6 24.Qg2 Rc7 25.d4 Qb6 26.Kh1 exd4 27.Nxd4 Rc4 28.Qf2 Rd8 29.Ne6 Rxd1
30.Qxb6 Rxf1+ 31.Kg2 Bxe4+ 32.Kxf1 Rc1+ 33.Kf2 Rc2+ 34.Kg3  1-0

[Event "Bullet Chess Winners 2023"]
[Site "chess.com INT"]
[Date "2023.07.20"]
[Round "4.28"]
[White "Firouzja,Alireza"]
[Black "Nakamura,Hi"]
[Result "0-1"]
[WhiteElo "2777"]
[BlackElo "2787"]

1.e4 d6 2.d4 g6 3.c4 Bg7 4.Nc3 Nc6 5.Nge2 e5 6.Be3 Nf6 7.f3 O-O 8.Qd2 a6
9.O-O-O b5 10.Kb1 Na5 11.Ng3 exd4 12.Bxd4 Nxc4 13.Bxc4 bxc4 14.h4 c5 15.Be3 Rb8
16.Bh6 Bxh6 17.Qxh6 Qa5 18.Rc1 Be6 19.h5 Rb7 20.e5 dxe5 21.Nge4 Bf5 22.g4 Bxe4+
23.fxe4 Rfb8 24.hxg6 Rxb2+ 25.Ka1 fxg6 26.g5 Qa3  0-1

[Event "Bullet Chess Winners 2023"]
[Site "chess.com INT"]
[Date "2023.07.20"]
[Round "4.29"]
[White "Nakamura,Hi"]
[Black "Firouzja,Alireza"]
[Result "1-0"]
[WhiteElo "2787"]
[BlackElo "2777"]

1.e4 Nf6 2.Nc3 d5 3.e5 d4 4.Nce2 Nfd7 5.f4 Nb6 6.Nf3 c5 7.Ng3 Nc6 8.Bb5 Bd7
9.Bxc6 Bxc6 10.e6 a6 11.exf7+ Kxf7 12.Ne5+ Kg8 13.Qg4 Qd5 14.Nxc6 bxc6 15.O-O Nd7
16.Re1 Nf6 17.Qe2 c4 18.d3 cxd3 19.cxd3 h5 20.Ne4 h4 21.Ng5 h3 22.Nxh3 Re8
23.Ng5 e6 24.Qf3 Bb4 25.Re2 Qf5 26.Re5 Qg6 27.h3 Bd6 28.Re2 Nd5 29.Bd2 Rf8
30.Rxe6 Rf6 31.Rae1 Rh6 32.Re8+ Bf8 33.Ne6 Qxe8 34.f5 Rxe6 35.fxe6 Rxe6 36.Rf1 Bd6
37.Qg4 Rf6 38.Rxf6 Nxf6 39.Qf3 Qe5 40.Kf1 Qh2 41.Bf4 Qh1+ 42.Ke2 Nd5 43.Bxd6  1-0

[Event "Bullet Chess Winners 2023"]
[Site "chess.com INT"]
[Date "2023.07.20"]
[Round "4.21"]
[White "Nakamura,Hi"]
[Black "Firouzja,Alireza"]
[Result "1-0"]
[WhiteElo "2787"]
[BlackElo "2777"]

1.e4 c6 2.Nc3 d5 3.Nf3 Bg4 4.h3 Bxf3 5.Qxf3 e6 6.g3 Nd7 7.Qe2 d4 8.Nd1 Bd6
9.Bg2 Ne7 10.O-O O-O 11.f4 e5 12.d3 c5 13.h4 Rc8 14.Nf2 b5 15.Bh3 c4 16.a4 cxd3
17.Nxd3 exf4 18.gxf4 bxa4 19.Rxa4 Nc5 20.Rxd4 Nc6 21.Rd5 Ne7 22.Rd4 Nc6 23.Rc4 Na5
24.Rc3 Rc7 25.h5 Nxd3 26.Rxd3 Qe7 27.e5 Bc5+ 28.Kh2 Nc6 29.c3 Bb6 30.h6 g6
31.Rfd1 Qh4 32.Qg4 Qxh6 33.f5 Qg7 34.f6 Qh8 35.Qg3 Re8 36.Bh6  1-0

[Event "Bullet Chess Winners 2023"]
[Site "chess.com INT"]
[Date "2023.07.21"]
[Round "5.24"]
[White "Carlsen,M"]
[Black "Nakamura,Hi"]
[Result "1-0"]
[WhiteElo "2835"]
[BlackElo "2787"]

1.e4 g6 2.Nf3 Bg7 3.d4 d6 4.h3 Nf6 5.Bd3 Nc6 6.O-O e5 7.dxe5 Nxe5 8.Nxe5 dxe5
9.Bb5+ c6 10.Qxd8+ Kxd8 11.Bd3 Be6 12.Be3 Kc7 13.Nd2 h5 14.Nf3 Nd7 15.Ng5 Rhe8
16.Nxe6+ Rxe6 17.Bc4 Re7 18.Rfd1 f6 19.a4 a5 20.Rd3 Rh8 21.f3 Bh6 22.Bf2 Bf8
23.Rad1 Rhh7 24.Be1 b6 25.Bf2 Re8 26.Kf1 Nc5 27.Ra3 Ne6 28.Raa1 h4 29.c3 Bc5
30.Be1 Nf4 31.b4 axb4 32.cxb4 Bd4 33.Rac1 Kb7 34.a5 b5 35.Bb3 Rc7 36.Rc2 g5
37.Rdc1 Rec8 38.Bd2 c5 39.Bxf4 gxf4 40.Be6 Re8 41.Bd5+ Ka6 42.bxc5 Rb8 43.Ke2 b4
44.Bc4+ Ka7 45.Bb3 Rb5 46.a6 Rbxc5 47.Rxc5 Rxc5 48.Rxc5 Bxc5 49.Kd3 Kxa6
50.Kc4 Kb6 51.Kd5 Bf2 52.Ke6 Kc5 53.Kxf6 Kd4 54.Bd5 Bg3 55.Kf5 Be1 56.Kf6 Bc3
57.Kg5 Be1 58.Kf6 Bf2 59.Kg5 Kc3 60.Kf5 Bd4 61.Kg5 Bf2 62.Kf5 Kd4 63.Kg5 Bg3
64.Kf6 Be1 65.Kf5 Bc3 66.Kf6 Ke3 67.Kg5 Be1 68.Kf5 Kf2 69.Kxe5 Kxg2 70.Kxf4 Kxh3
71.e5 Bg3+ 72.Kf5 Kh2 73.f4 h3 74.e6 Bh4 75.Kg4 Be7 76.f5 Kg1 77.Kxh3 Kf2
78.Kg4 Ke3 79.Kh5 Kd4 80.Bb3 Ke5 81.Kg6 Bd6 82.Kf7 Kf4 83.f6 Kf5 84.e7 Bxe7
85.fxe7 Ke5 86.e8=Q+ Kd4 87.Qe6 Kc3 88.Qc4+ Kb2 89.Qxb4  1-0

[Event "Bullet Chess Winners 2023"]
[Site "chess.com INT"]
[Date "2023.07.21"]
[Round "5.14"]
[White "Carlsen,M"]
[Black "Nakamura,Hi"]
[Result "1/2-1/2"]
[WhiteElo "2835"]
[BlackElo "2787"]

1.e4 g6 2.Nc3 Bg7 3.d4 d6 4.Nf3 a6 5.h3 Nf6 6.Be3 O-O 7.Bd3 Nc6 8.O-O e5
9.dxe5 Nxe5 10.Nxe5 dxe5 11.Bc4 Re8 12.Qxd8 Rxd8 13.Rfd1 Re8 14.f3 Be6 15.Bxe6 Rxe6
16.Kf2 Bf8 17.Na4 b5 18.Nc5 Rc6 19.b4 a5 20.a3 axb4 21.axb4 Rxa1 22.Rxa1 Bxc5
23.bxc5 Kg7 24.Ra5 b4 25.Rb5 Nd7 26.Ke2 Ra6 27.Rxb4 Nf8 28.Kd3 Ne6 29.Kc4 Ra2
30.Kd5 Rxc2 31.Kxe5 Rxg2 32.f4 Rg3 33.Bf2 Rf3 34.f5 gxf5 35.exf5 Rxf2 36.fxe6 Re2+
37.Kd5 Rxe6 38.c6 Rd6+ 39.Kc5 Re6 40.Rd4 Re7 41.Rd7 Kf6 42.Kd5 h5 43.h4 Re5+
44.Kd4 Re7 45.Kd5 Re5+ 46.Kd4 Re7 47.Kd5  1/2-1/2

[Event "Bullet Chess Winners 2023"]
[Site "chess.com INT"]
[Date "2023.07.21"]
[Round "5.18"]
[White "Carlsen,M"]
[Black "Nakamura,Hi"]
[Result "1/2-1/2"]
[WhiteElo "2835"]
[BlackElo "2787"]

1.e4 g6 2.Nc3 Bg7 3.d4 d6 4.Nf3 Nc6 5.Be3 Nf6 6.h3 e5 7.dxe5 Nxe5 8.Nxe5 dxe5
9.Qxd8+ Kxd8 10.O-O-O+ Bd7 11.Bc4 Ke8 12.Nb5 Bxb5 13.Bxb5+ c6 14.Bd3 h5 15.Kb1 Bh6
16.Bc5 Bf8 17.Be3 Bh6 18.Bc5 Bf8 19.Be3 Bh6  1/2-1/2

[Event "Bullet Chess Winners 2023"]
[Site "chess.com INT"]
[Date "2023.07.21"]
[Round "5.19"]
[White "Nakamura,Hi"]
[Black "Carlsen,M"]
[Result "1/2-1/2"]
[WhiteElo "2787"]
[BlackElo "2835"]

1.e4 c6 2.Nc3 d5 3.Nf3 a6 4.d4 Bg4 5.h3 Bh5 6.Be2 e6 7.O-O Nf6 8.exd5 cxd5
9.Ne5 Bxe2 10.Nxe2 Bd6 11.Nd3 O-O 12.Bf4 Nc6 13.c3 Re8 14.Bxd6 Qxd6 15.Re1 e5
16.dxe5 Nxe5 17.Nxe5 Rxe5 18.Nd4 Rxe1+ 19.Qxe1 Re8 20.Qd2 g6 21.Re1 Rxe1+
22.Qxe1 Kg7 23.f3 Nd7 24.Qd2 Nc5 25.Kf2 Ne6 26.Ne2 Qb6+ 27.Nd4 Nxd4 28.Qxd4+ Qxd4+
29.cxd4 Kf6 30.g4 Ke6 31.Ke3 g5 32.Kd3 f5 33.Kc3 fxg4 34.fxg4 Kd6 35.Kb4 b6
36.a4 Kc6 37.a5 b5 38.Kc3 h6 39.b4 Kd6 40.Kd3 Ke6 41.Ke3 Kd6 42.Kf3 Ke6 43.Kg3 Kf6
44.Kg2 Kg6 45.Kg1 h5 46.Kf1 h4 47.Ke1 Kf6 48.Kd1 Kg6 49.Kc1 Kf6 50.Kb1 Kg6
51.Ka1 Kf6 52.Ka2 Kg6 53.Ka3 Kf6 54.Kb3 Kg6 55.Kc3 Kf6 56.Kd3 Ke6 57.Ke3 Kf6
58.Kf3 Ke6 59.Kf2 Kf6 60.Kg2 Ke6 61.Kh2 Kf6 62.Kh1 Ke6 63.Kg1 Kf6 64.Kf1 Ke6
65.Ke1 Kf6 66.Kd1 Ke6 67.Kc1 Kf6 68.Kb1 Ke6 69.Ka1 Kf6 70.Ka2 Ke6 71.Ka3 Kf6
72.Kb3 Ke6 73.Kc3 Kf6 74.Kd3 Ke6 75.Ke3 Kf6 76.Kf3 Ke6 77.Kf2 Kf6 78.Kg2 Ke6
79.Kh2 Kf6 80.Kh1 Ke6 81.Kg1 Kf6 82.Kf1 Ke6 83.Ke1 Kf6  1/2-1/2

[Event "Bullet Chess Winners 2023"]
[Site "chess.com INT"]
[Date "2023.07.21"]
[Round "5.11"]
[White "Nakamura,Hi"]
[Black "Carlsen,M"]
[Result "1-0"]
[WhiteElo "2787"]
[BlackElo "2835"]

1.e4 Nf6 2.Nc3 e5 3.Nf3 Nc6 4.d4 exd4 5.Nxd4 Bc5 6.Nb3 Bb6 7.Bd3 O-O 8.O-O d6
9.Bg5 Re8 10.Nd5 Be6 11.Nxf6+ gxf6 12.Bh4 Ne5 13.Kh1 Ng6 14.Bg3 Bd7 15.Qh5 Bc6
16.Rae1 d5 17.exd5 Qxd5 18.Qxd5 Bxd5 19.c4 Be6 20.c5 Red8 21.Bxg6 Bxb3 22.cxb6 axb6
23.Bxh7+ Kxh7 24.axb3 Rd7 25.Rd1  1-0

[Event "Bullet Chess Winners 2023"]
[Site "chess.com INT"]
[Date "2023.07.21"]
[Round "5.22"]
[White "Carlsen,M"]
[Black "Nakamura,Hi"]
[Result "1-0"]
[WhiteElo "2835"]
[BlackElo "2787"]

1.e4 g6 2.d4 Bg7 3.Nf3 a6 4.Bc4 d6 5.O-O Nf6 6.Re1 O-O 7.Bb3 Nc6 8.Nbd2 e5
9.c3 Re8 10.h3 h6 11.dxe5 Nxe5 12.Nf1 Be6 13.Nxe5 dxe5 14.Qxd8 Raxd8 15.Bxe6 Rxe6
16.f3 Bf8 17.Be3 Nd7 18.Red1 Ree8 19.Kf2 Kg7 20.Rd2 Nc5 21.Rad1 Rxd2+ 22.Nxd2 Ne6
23.Nc4 f6 24.Na5 Bd6 25.Nxb7 Rb8 26.Nxd6 Rxb2+ 27.Kf1 cxd6 28.Rxd6 Rb1+ 29.Ke2 Rb2+
30.Kd3 Kf7 31.Rxa6 Rxg2 32.Ra7+ Ke8 33.a4 f5 34.a5 Rg3 35.a6 Rxf3 36.Ke2 Rxh3
37.Rb7 f4 38.a7  1-0

[Event "Bullet Chess Winners 2023"]
[Site "chess.com INT"]
[Date "2023.07.21"]
[Round "5.23"]
[White "Nakamura,Hi"]
[Black "Carlsen,M"]
[Result "1-0"]
[WhiteElo "2787"]
[BlackElo "2835"]

1.e4 c5 2.Nc3 Nc6 3.f4 e6 4.Nf3 a6 5.d4 cxd4 6.Nxd4 Qc7 7.Nb3 Nf6 8.Bd3 b5
9.e5 b4 10.Ne4 Nxe4 11.Bxe4 Bb7 12.O-O Ne7 13.Bxb7 Qxb7 14.Be3 Nf5 15.Bf2 h5
16.Qd3 Be7 17.Rad1 Rc8 18.Rd2 O-O 19.Rfd1 Rc7 20.Qe2 Rfc8 21.Qxh5 Rxc2 22.Rxd7 Qe4
23.R7d2 Qxf4 24.Qe2 Rxd2 25.Rxd2 a5 26.g3 Qg5 27.Nxa5 Rc1+ 28.Rd1 Rxd1+ 29.Qxd1 Ne3
30.Qd2 Ng4 31.Qxg5 Bxg5 32.Bd4 Be3+ 33.Bxe3 Nxe3 34.Nc6 Nd5 35.a4 bxa3 36.bxa3 Kf8
37.a4 Ke8 38.a5 Kd7 39.Nd4 Nb4 40.Kf2 Nd3+ 41.Ke3 Nxe5 42.a6 Kc7 43.Ke4 Nc4
44.Nf3 Nd6+ 45.Ke5 f6+ 46.Kxe6  1-0

[Event "Bullet Chess Winners 2023"]
[Site "chess.com INT"]
[Date "2023.07.21"]
[Round "5.15"]
[White "Nakamura,Hi"]
[Black "Carlsen,M"]
[Result "0-1"]
[WhiteElo "2787"]
[BlackElo "2835"]

1.e4 d5 2.Nc3 dxe4 3.Nxe4 Nf6 4.Ng3 h5 5.Bc4 h4 6.Nf1 Nc6 7.Ne3 h3 8.g3 e5
9.d3 Bc5 10.Ne2 Bxe3 11.Bxe3 Bg4 12.O-O Qd7 13.f3 Be6 14.Bb3 O-O-O 15.Bf2 a6
16.Nc3 Bxb3 17.axb3 Rhe8 18.Ne4 Nxe4 19.fxe4 f5 20.exf5 Qd5  0-1

[Event "Bullet Chess Winners 2023"]
[Site "chess.com INT"]
[Date "2023.07.21"]
[Round "5.25"]
[White "Nakamura,Hi"]
[Black "Carlsen,M"]
[Result "0-1"]
[WhiteElo "2787"]
[BlackElo "2835"]

1.e4 d5 2.Nc3 dxe4 3.Nxe4 Nf6 4.Ng3 h5 5.Bc4 h4 6.Nf1 h3 7.g3 Nc6 8.Ne3 e5
9.d3 Bc5 10.Bd2 Nd4 11.Nf3 Qe7 12.c3 Nxf3+ 13.Qxf3 c6 14.O-O Bxe3 15.fxe3 Bg4
16.Qf2 e4 17.d4 Bf3 18.Be2 Ng4 19.Qe1 Qf6 20.Qd1 Bxe2 21.Qxe2 Qg6 22.Rf4 f5
23.Raf1 O-O 24.c4 Kh7 25.Bb4 Rf7 26.Qxg4 fxg4 27.Rxf7 b6 28.Bc3 Rg8 29.R1f4 b5
30.Re7 bxc4 31.Rexe4 Re8 32.Rxe8 Qxe8 33.e4 g5 34.Rxg4 Qf7  0-1

[Event "Bullet Chess Winners 2023"]
[Site "chess.com INT"]
[Date "2023.07.21"]
[Round "5.13"]
[White "Nakamura,Hi"]
[Black "Carlsen,M"]
[Result "1/2-1/2"]
[WhiteElo "2787"]
[BlackElo "2835"]

1.e4 c5 2.Nc3 e6 3.f4 d5 4.Nf3 a6 5.d4 Nf6 6.e5 Ne4 7.Be3 Nc6 8.dxc5 Qa5
9.Bd2 Nxd2 10.Nxd2 Qxc5 11.Bd3 Qe3+ 12.Ne2 Bc5 13.Rf1 Nd4 14.Nb3 Nxe2 15.Qxe2 Bb6
16.Qxe3 Bxe3 17.Ke2 Bb6 18.c4 dxc4 19.Bxc4 Bd7 20.Bd3 Ke7 21.Rac1 Rhd8 22.g3 Rac8
23.Rxc8 Rxc8 24.Rc1 Rxc1 25.Nxc1 Bc6 26.Nb3 h6 27.Nd2 f6 28.Be4 Bb5+ 29.Bd3 Bd7
30.Be4 fxe5 31.fxe5 Bd4 32.Nf3 Bb5+ 33.Kd2 Bxb2 34.Bxb7 a5 35.Kc2 Ba3 36.Be4 Bc4
37.Kb1 Kd7 38.g4 g5 39.h4 gxh4 40.Nxh4 Bc5 41.Nf3 a4 42.g5 hxg5 43.Nxg5 a3
44.Nf3 Be3 45.Bc2 Be2 46.Ne1 Bd4 47.Ba4+ Kc7 48.Nc2 Bb2 49.Bb3 Bg4 50.Ne3 Bh3
51.Kc2 Bxe5 52.Nc4 Bd6 53.Nxd6 Kxd6 54.Kc3 Kc5 55.Bc2 e5 56.Kb3 Kd4 57.Kxa3 Kc3
58.Bg6 Bf1 59.Ka4 Bd3 60.Bh5 e4 61.Ka5 e3 62.Kb6 Kb4 63.a3+ Kxa3 64.Kc5 Kb3
65.Kd4 Kc2 66.Kxe3  1/2-1/2

[Event "Bullet Chess Winners 2023"]
[Site "chess.com INT"]
[Date "2023.07.21"]
[Round "5.27"]
[White "Nakamura,Hi"]
[Black "Carlsen,M"]
[Result "0-1"]
[WhiteElo "2787"]
[BlackElo "2835"]

1.e4 c5 2.Nc3 e6 3.f4 d5 4.Nf3 dxe4 5.Nxe4 Nc6 6.Bb5 Bd7 7.O-O Nf6 8.d3 Qb6
9.Bc4 Na5 10.Ne5 Nxc4 11.Nxc4 Qc7 12.f5 Nxe4 13.dxe4 e5 14.Ne3 Bc6 15.f6 g6
16.Qf3 O-O-O 17.c4 Rd4 18.Nd5 Bxd5 19.cxd5 c4 20.Kh1 Bc5 21.Be3 Rd3 22.Qg4+ Kb8
23.Bxc5 Qxc5 24.Rac1 Rc8 25.Qd7 Qc7 26.Qb5 a6 27.Qb4 Rd4 28.Rfe1 Qc5 29.Qc3 h5
30.Qg3 Qd6 31.Qf2 Rd3 32.Rc2 Rd4 33.Rcc1 h4 34.Qxh4 Rd2 35.Rb1 Ka8 36.Qg3 c3
37.bxc3 Rxa2 38.Qe3 Rc2 39.Rb6 Qc5 40.Qxc5 Rxc5 41.d6 Rd2 42.h3 Rxc3 43.Rbb1 Rxd6
44.Rbd1 Rxd1 45.Rxd1 Rc6 46.Rd5 Rxf6 47.Rxe5 Re6 48.Rd5 Rxe4 49.Rd7 f5 50.Rd6 a5
51.Rxg6 a4 52.Rb6 a3 53.Rb4 Rxb4  0-1

[Event "Bullet Chess Winners 2023"]
[Site "chess.com INT"]
[Date "2023.07.21"]
[Round "5.28"]
[White "Carlsen,M"]
[Black "Nakamura,Hi"]
[Result "1/2-1/2"]
[WhiteElo "2835"]
[BlackElo "2787"]

1.e4 g6 2.Nc3 Bg7 3.d4 d6 4.h3 a6 5.Nf3 Nf6 6.Be3 O-O 7.Bd3 Nc6 8.Ne2 e5
9.dxe5 Nxe5 10.Nxe5 dxe5 11.Ng3 Qe7 12.O-O Rd8 13.Qe2 b6 14.Rfd1 Bb7 15.a4 a5
16.f3 h5 17.Qf2 h4 18.Nf1 Nh5 19.Bc4 Nf4 20.Kh1 Bf6 21.Nh2 Bg7 22.Ng4 Kh7
23.Bxf4 exf4 24.e5 Kg8 25.Re1 Bd5 26.Qe2 Qe6 27.Bxd5 Rxd5 28.Rad1 Rad8 29.Rxd5 Rxd5
30.Qf2 g5 31.Qe2 Qd7 32.Kh2 Rd2 33.Qc4 Rd4 34.Qa6 Rd2 35.Qc4 Rd4 36.Qa6 Rxa4
37.c3 Ra2 38.Re4 Rxb2 39.Rd4 Qc6 40.Qd3 Qg6 41.Qc4 Qe6 42.Qd3 Qg6 43.Qxg6 fxg6
44.Rd8+ Kh7 45.Rd7 Re2 46.Nf6+ Kh6 47.Ng4+ Kh7 48.Nf6+ Kh6 49.Ng4+ Kh7  1/2-1/2

[Event "Bullet Chess Winners 2023"]
[Site "chess.com INT"]
[Date "2023.07.21"]
[Round "5.29"]
[White "Nakamura,Hi"]
[Black "Carlsen,M"]
[Result "1-0"]
[WhiteElo "2787"]
[BlackElo "2835"]

1.e4 c5 2.Nc3 d6 3.f4 Nc6 4.Nf3 Nf6 5.Bb5 Bd7 6.Bxc6 Bxc6 7.d3 e6 8.O-O Be7
9.Qe1 O-O 10.b3 d5 11.Bb2 d4 12.Ne2 Nd7 13.Ng3 f6 14.f5 e5 15.Nh5 Qe8 16.g4 g6
17.Ng3 Kh8 18.Kf2 Qf7 19.Rg1 b5 20.h4 c4 21.fxg6 hxg6 22.h5 g5 23.Nf5 Nc5
24.Qe2 Ne6 25.Bc1 Rac8 26.Bd2 Ba3 27.bxc4 bxc4 28.Rab1 c3 29.Bc1 Bxc1 30.Rgxc1 Nf4
31.Qd1 Rb8 32.Rxb8 Rxb8 33.Rb1 Rb2 34.Rc1 Qxa2 35.Kg3 Ba4 36.Ra1 Bxc2 37.Qh1 Bxd3
38.Rxa2 Rxa2 39.N3xd4 exd4 40.Nxd4 Rg2+ 41.Kf3 c2 42.Qa1 Rd2 43.Nxc2 Rxc2
44.Qxf6+ Kh7 45.Qxg5 Kh8 46.Qe5+  1-0

[Event "Bullet Chess Winners 2023"]
[Site "chess.com INT"]
[Date "2023.07.21"]
[Round "5.30"]
[White "Carlsen,M"]
[Black "Nakamura,Hi"]
[Result "1-0"]
[WhiteElo "2835"]
[BlackElo "2787"]

1.e4 g6 2.Nf3 Bg7 3.d4 d6 4.Bd3 Nf6 5.O-O O-O 6.Re1 Nc6 7.c3 e5 8.h3 Re8
9.Nbd2 a6 10.Nf1 b6 11.Ng3 Bb7 12.Be3 h6 13.Qd2 Kh7 14.d5 Nb8 15.c4 Nbd7
16.b4 a5 17.a3 axb4 18.axb4 c5 19.dxc6 Bxc6 20.Bf1 Qc7 21.Rxa8 Rxa8 22.Rd1 Bf8
23.Qc2 Ba4 24.Qa2 Bc6 25.Qb1 Ra4 26.Bd3 Qc8 27.Ne2 Qa8 28.Nc3 Ra3 29.Nd5 Nxd5
30.cxd5 Ba4 31.Rc1 Rb3 32.Qc2 Rxb4 33.Qc7 Kg8 34.Ra1 b5 35.Kh2 Qb8 36.Qxd7 Rb3
37.Bf1 Rc3 38.Rc1 Rxc1 39.Bxc1 Bc2 40.Nd2 b4 41.Qc6 Qa7 42.Qxc2 Qxf2 43.Qd1 h5
44.Nc4 h4 45.Be3 Qg3+ 46.Kg1 f5 47.Qf3 f4 48.Bf2  1-0

[Event "Bullet Chess Winners 2023"]
[Site "chess.com INT"]
[Date "2023.07.21"]
[Round "5.31"]
[White "Nakamura,Hi"]
[Black "Carlsen,M"]
[Result "1-0"]
[WhiteElo "2787"]
[BlackElo "2835"]

1.e4 c6 2.Nc3 d5 3.Nf3 a6 4.d4 Bg4 5.Bd3 e6 6.h3 Bh5 7.Qe2 Nf6 8.e5 Nfd7
9.g4 Bg6 10.Bxg6 hxg6 11.Nd1 c5 12.c3 Nc6 13.Be3 Rc8 14.Kf1 Qb6 15.Kg2 Be7
16.a3 Qb5 17.Qd2 Nb6 18.Rb1 Nc4 19.Qc1 cxd4 20.cxd4 Kd7 21.a4 Qb3 22.Qc3 Qxc3
23.bxc3 Rc7 24.Bg5 b6 25.Bxe7 Kxe7 26.Ne3 N6a5 27.Rhc1 Rhc8 28.Nd1 f6 29.exf6+ gxf6
30.Ne1 e5 31.Nd3 Nd2 32.Rb2 Nab3 33.dxe5 Nxc1 34.exf6+ Kxf6 35.Nxc1 Nc4 36.Rc2 d4
37.Kg3 Na5 38.Nd3 dxc3 39.Nb4 Rd7 40.Nxc3 Kg7 41.f3 Rdc7 42.Nbd5 Rc5 43.Rb2 Nc4
44.Rb4 a5 45.Rb1 Ne5 46.Rxb6 Rxc3 47.Nxc3 Rxc3 48.Kf4 Nxf3 49.g5 Nh4 50.Rb7+ Kf8
51.Rh7 Nf5 52.Ke5 Ne7 53.Kf6 Rf3+ 54.Ke6 Re3+ 55.Kf6 Ke8 56.Rh8+ Kd7 57.Ra8 Rf3+
58.Kg7 Rf5 59.Ra7+ Ke6 60.Ra6+ Ke5 61.h4 Nd5 62.Rxa5 Rf4 63.Kxg6 Rxh4 64.Kg7 Rd4
65.g6 Rc4 66.Ra6 Rc7+ 67.Kh6 Nf4 68.g7 Rc8 69.Ra5+  1-0

[Event "Bullet Chess Winners 2023"]
[Site "chess.com INT"]
[Date "2023.07.21"]
[Round "5.32"]
[White "Carlsen,M"]
[Black "Nakamura,Hi"]
[Result "0-1"]
[WhiteElo "2835"]
[BlackElo "2787"]

1.e4 g6 2.Nf3 Bg7 3.d4 d6 4.Bd3 Nf6 5.O-O O-O 6.h3 Nc6 7.c3 e5 8.Re1 Re8
9.Nbd2 b6 10.Nf1 Bb7 11.Ng3 a6 12.Be3 h6 13.Qd2 Kh7 14.d5 Nb8 15.c4 Nbd7
16.b4 a5 17.a3 axb4 18.axb4 c5 19.bxc5 bxc5 20.Qc2 Qc7 21.Kh2 Rxa1 22.Rxa1 Ra8
23.Rxa8 Bxa8 24.Qa4 Bb7 25.Bd2 Nb6 26.Qa7 Nc8 27.Qa4 Qd7 28.Qa5 Bf8 29.Bc3 Be7
30.Nd2 Bd8 31.Qa1 Nb6 32.Bc2 Qc8 33.f4 exf4 34.Bxf6 fxg3+ 35.Kxg3 Nd7 36.Bxd8 Qxd8
37.Nf3 Qe7 38.Qa7 Ne5 39.Kf2 Nxc4 40.Bd3 Nb2 41.Ba6 Nd1+ 42.Kg1 Qxe4 43.Qxb7 Qe3+
44.Kh2 Qf4+ 45.Kh1 Nf2+ 46.Kg1 Nxh3+ 47.gxh3 Qg3+ 48.Kf1 Qxf3+ 49.Ke1 Qe3+
50.Be2 Qc1+ 51.Kf2 Qf4+ 52.Ke1 Qc1+ 53.Kf2 Qf4+ 54.Ke1 c4 55.Qb6 c3 56.Qc6 Qd2+
57.Kf2 c2 58.Qc7 Qf4+  0-1

[Event "Bullet Chess Winners 2023"]
[Site "chess.com INT"]
[Date "2023.07.21"]
[Round "5.12"]
[White "Carlsen,M"]
[Black "Nakamura,Hi"]
[Result "0-1"]
[WhiteElo "2835"]
[BlackElo "2787"]

1.e4 g6 2.d4 Bg7 3.Nf3 d6 4.Bc4 Nf6 5.Qe2 O-O 6.Bb3 Nc6 7.h3 e5 8.dxe5 dxe5
9.c3 Qe7 10.O-O Be6 11.Bg5 h6 12.Bxf6 Bxf6 13.Nbd2 Rfd8 14.Rfd1 Na5 15.Bxe6 Qxe6
16.Qb5 b6 17.b4 a6 18.Qe2 Nb7 19.Qc4 Qe7 20.Qc6 Nd6 21.Nc4 Nb5 22.Ne3 Qe6
23.Qxe6 fxe6 24.Rxd8+ Rxd8 25.Rc1 Nd6 26.Ng4 Kg7 27.Nxf6 Kxf6 28.Nd2 Nb5
29.Nb1 Nd6 30.f3 Nc4 31.Kf2 Rc8 32.Ke2 c5 33.Nd2 Nd6 34.bxc5 Rxc5 35.c4 b5
36.Kd3 bxc4+ 37.Nxc4 Rc8 38.Rc2 Nb5 39.a4 Rd8+ 40.Ke3 Nd4 41.Rd2 Rc8 42.Nxe5 Nc2+
43.Kf4 g5+ 44.Kg4 Kxe5 45.Kh5 Ne3 46.Kxh6 Kf6 47.e5+ Kf5 48.Rd6 Nxg2 49.Rxa6 Nf4
50.Ra7 Rh8+ 51.Kg7 Rxh3 52.a5 Rxf3 53.a6 Ra3 54.Ra8 g4 55.a7 Ke4 56.Kh6 g3  0-1

[Event "Bullet Chess Winners 2023"]
[Site "chess.com INT"]
[Date "2023.07.21"]
[Round "5.8"]
[White "Carlsen,M"]
[Black "Nakamura,Hi"]
[Result "1-0"]
[WhiteElo "2835"]
[BlackElo "2787"]

1.e4 d6 2.d4 g6 3.Nc3 Bg7 4.f4 a6 5.Nf3 b5 6.Bd3 Nd7 7.Be3 Bb7 8.e5 Nh6 9.Be4 Qc8
10.Qd3 Nb6 11.O-O Nc4 12.b3 Nxe3 13.Qxe3 Nf5 14.Qf2 b4 15.Nd5 e6 16.Bxf5 Bxd5
17.Bd3 O-O 18.Rae1 c5 19.dxc5 dxc5 20.Be4 c4 21.Bxd5 exd5 22.Rd1 Rd8 23.Rfe1 Bf8
24.Kh1 Bc5 25.Qh4 Qc7 26.Ng5 h5 27.f5 d4 28.e6 f6 29.Nf7 Kg7 30.Nxd8 Rxd8
31.fxg6 Rd5 32.bxc4 Rg5 33.Qe4 Re5 34.Qf3 a5 35.Rxe5 Qxe5 36.Qd5 Qe2 37.Rg1 d3
38.Qxc5 dxc2 39.Qe7+ Kxg6 40.Qf7+ Kf5 41.e7 Qd1 42.e8=Q Qxg1+ 43.Kxg1 c1=Q+
44.Kf2 Qf4+ 45.Ke2 Qxc4+ 46.Kd2 Qc3+ 47.Ke2 Qc4+ 48.Qxc4  1-0